ধরিত্রীর রূপান্তর : ২০৩০ সালের পথে টেকসই উন্নয়ন অভিযাত্রা.

গ্রন্থ-পঞ্জীর বিবরন
বিন্যাস: গ্রন্থ
ভাষা:Bengali
প্রকাশিত: ঢাকা : এসডিজি বাস্তবায়নে নাগরিক প্ল্যাটফর্ম, ২০১৮ [পুনর্মুদ্রণ ২০২১].
বিষয়গুলি:
Classic Catalogue: View this record in Classic Catalogue
LEADER 01745nam a22002777a 4500
001 44199
003 BD-DhAAL
005 20250309110334.0
008 250309r20212018bg a|||| b||| 00| 0 ben d
020 |a 9789843432605 
040 |a BD-DhAAL  |c BD-DhAAL 
041 |a ben 
082 |a 338.95492  |2 23 
245 |a ধরিত্রীর রূপান্তর :  |b ২০৩০ সালের পথে টেকসই উন্নয়ন অভিযাত্রা. 
260 |a ঢাকা :  |b এসডিজি বাস্তবায়নে নাগরিক প্ল্যাটফর্ম,  |c ২০১৮ [পুনর্মুদ্রণ ২০২১]. 
300 |a [আট], ৫৮ পৃষ্ঠা :  |b চিত্র ;  |c ২২ সে.মি. 
541 |a Complimentary copy from the Centre for Policy Dialogue (CPD)  |e 44199, 44200 
650 |a Sustainable Development Goals  |x Evaluation.  |9 57926 
650 |a Economic development  |z Bangladesh. 
650 |a Sustainable development  |z Bangladesh. 
710 |a Citizen's Platform for SDGs (Bangladesh),  |e issuing body.  |9 57871 
852 |a Ayesha Abed Library  |c General Stacks 
942 |2 ddc  |c BK 
999 |c 47261  |d 47261 
952 |0 0  |1 0  |2 ddc  |4 0  |6 338_954920000000000_DHA  |7 0  |9 77457  |a BRACUL  |b BRACUL  |c GEN  |d 2025-03-09  |e Complimentary copy from the Centre for Policy Dialogue (CPD)  |l 0  |o 338.95492 DHA  |p 3010044199  |r 2025-03-09  |t 1  |w 2025-03-09  |y BK  |x Complimentary copy from the Centre for Policy Dialogue (CPD) 
952 |0 0  |1 0  |2 ddc  |4 0  |6 338_954920000000000_DHA  |7 0  |9 77458  |a BRACUL  |b BRACUL  |c GEN  |d 2025-03-09  |e Complimentary copy from the Centre for Policy Dialogue (CPD)  |l 0  |o 338.95492 DHA  |p 3010044200  |r 2025-03-09  |t 2  |w 2025-03-09  |y BK  |x Complimentary copy from the Centre for Policy Dialogue (CPD)